[Event "Tuzla"]
[Site "Tuzla"]
[Date "1983.??.??"]
[Round "5"]
[White "Sahovic, Dragutin"]
[Black "Nurkic, Sahbaz"]
[Result "1-0"]
[WhiteElo "2475"]
[BlackElo "2295"]

1.d4 Nf6 2.c4 g6 3.Nc3 Bg7 4.e4 d6 5.Nf3 O-O 6.Be2 e5 7.Be3 Nc6 8.d5 Ne7
9.Nd2 Ne8 10.Qc2 f5 11.f3 fxe4 12.fxe4 c5 13.g4 a6 14.g5 Bh3 15.Rg1 Nc7 16.a3 b6
17.Rb1 Rf7 18.b4 Nc8 19.Qd3 Bd7 20.h4 cxb4 21.axb4 a5 22.b5 Be8 23.h5 gxh5
24.Bxh5 Rf8 25.Qe2 Rb8 26.Bxe8 Qxe8 27.Rh1 Ne7 28.Qg4 Rf7 29.Nf3 Ng6 30.Ne2 a4
31.Ng3 a3 32.Nf5 a2 33.Ra1 Nxb5 34.cxb5 Qxb5 35.Kf2 Qb2+ 36.Bd2 Bf8 37.Kg3 Ra8
38.Qh3 Ra3 39.Qg2 Rxf5 40.exf5 e4 41.fxg6 hxg6 42.Be3 Qxg2+ 43.Kxg2 Rxe3
44.Nd4 Bg7 45.Rxa2 Bxd4 46.Ra8+ Kg7 47.Rah8 Kf7 48.R1h7+ Bg7 49.Rb8  1-0

[Event "Tuzla"]
[Site "Tuzla"]
[Date "1983.??.??"]
[Round "5"]
[White "Vukic, Milan"]
[Black "Hazai, Laszlo"]
[Result "1/2-1/2"]
[WhiteElo "2470"]
[BlackElo "2475"]

1.Nf3 g6 2.d4 Bg7 3.c4 d6 4.Nc3 Nd7 5.e4 e5 6.Be2 Ngf6 7.O-O O-O 8.Re1 c6
9.Bf1 exd4 10.Nxd4 Ng4 11.Qxg4 Bxd4 12.Qd1 Qf6 13.Be3 Bxe3 14.Rxe3 Ne5 15.Be2 h5
16.Qd2 Bg4 17.Bf1 Rfd8 18.b3 a6 19.a4 h4 20.h3 Be6 21.a5 g5 22.Rae1 Rd7 23.Ne2 Kh7
24.Nd4 Rg8 25.Be2 Rdd8 26.Bd1 c5 27.Nf5 Bxf5 28.exf5 Kh8 29.Bf3 Nxf3+ 30.Rxf3  1/2-1/2

[Event "URS-ch sf"]
[Site "Volgodonsk"]
[Date "1983.??.??"]
[Round "?"]
[White "Zakharov, Alexander V"]
[Black "Petrushin, Alexander I"]
[Result "1/2-1/2"]
[WhiteElo "2380"]
[BlackElo "2415"]

1.d4 Nf6 2.c4 g6 3.Nc3 Bg7 4.e4 d6 5.Be2 O-O 6.Nf3 e5 7.dxe5 dxe5 8.Qxd8 Rxd8
9.Bg5 Re8 10.O-O-O h6 11.Be3 Ng4 12.Nd5 Na6 13.c5 c6 14.Bxa6 cxd5 15.Bb5 d4
16.Bxe8 Be6 17.h3 Nf6 18.Bxd4 exd4 19.Ba4 Nxe4 20.Nxd4 Nxf2 21.Nxe6 fxe6
22.Bb3 Re8 23.Rhe1 Nxd1 24.Rxe6 Bxb2+ 25.Kxd1 Rxe6 26.Bxe6+ Kg7 27.Bd5 Bd4
28.Bxb7 Bxc5  1/2-1/2

[Event "URS-ch sf"]
[Site "Volgodonsk"]
[Date "1983.??.??"]
[Round "?"]
[White "Zakharov, Alexander V"]
[Black "Yurtaev, Leonid"]
[Result "0-1"]
[WhiteElo "2380"]
[BlackElo "2360"]

1.d4 Nf6 2.c4 g6 3.Nc3 Bg7 4.e4 d6 5.Be2 O-O 6.Nf3 e5 7.O-O exd4 8.Nxd4 Re8
9.f3 c6 10.Nc2 Na6 11.Kh1 Nc7 12.Bg5 d5 13.cxd5 cxd5 14.Qd2 Ne6 15.Bb5 Nxg5
16.Qxg5 h6 17.Qg3 Rf8 18.exd5 Nh5 19.Qf2 Bxc3 20.bxc3 Qxd5 21.c4 Qg5 22.f4 Qf6
23.Ne3 Bf5 24.Qf3 Bc8 25.f5 Qh4 26.g3 Qh3 27.f6 a6 28.Ba4 b5 29.Bc2 Bb7 30.Qxb7 Nxg3+
31.Kg1 Ne2+ 32.Kf2 Rae8 33.Qf3 Qxh2+ 34.Ng2 Nd4 35.Rh1 Nxf3 36.Rxh2 Nxh2
37.Kg3 Re2 38.Bd3 Rd2 39.Be4 Re8 40.Bc6 Rc8 41.Bb7 Rc7 42.Bxa6 bxc4 43.Kxh2 c3
44.Kg3 c2 45.Ne3  0-1

[Event "Vrsac"]
[Site "Vrsac"]
[Date "1983.??.??"]
[Round "?"]
[White "Djuric, Stefan"]
[Black "Smejkal, Jan"]
[Result "1/2-1/2"]
[WhiteElo "2500"]
[BlackElo "2560"]

1.e4 g6 2.d4 Bg7 3.c4 d6 4.Nc3 Nf6 5.Nf3 O-O 6.Be2 e5 7.Be3 Nbd7 8.d5 Ng4
9.Bg5 f6 10.Bh4 Nh6 11.Nd2 Nf7 12.b4 a5 13.a3 h5 14.h3 c6 15.Nb3 axb4 16.axb4 Rxa1
17.Qxa1 cxd5 18.cxd5 Qb6 19.Qa5 Qxa5 20.Nxa5 g5 21.Bg3 h4 22.Bh2 f5 23.f3 Nf6
24.Kd2 fxe4 25.fxe4 g4 26.hxg4 Ng5 27.Kd3 Bxg4 28.Re1 Rf7 29.Bg1 Bxe2+ 30.Rxe2 Nh5
31.Kc2 Nf4 32.Rd2 Rc7 33.Bc5 dxc5 34.d6 Rd7 35.bxc5 Nfe6 36.Rd5 Nd8 37.Kb3 Nge6
38.Kc4 Nc6 39.Kb5 Ned4+ 40.Kb6 Nxa5 41.Kxa5 Bf6 42.Kb6 Kf7 43.Ka7 b5+ 44.Kb8 b4
45.Na4 b3 46.Nb2 Ke8 47.Nc4 Rd8+ 48.Kc7 Rd7+ 49.Kc8 Nc6 50.Rd1 Na7+ 51.Kb8 Nc6+
52.Kc8 Ra7 53.d7+ Ke7  1/2-1/2

[Event "Warsaw"]
[Site "Warsaw"]
[Date "1983.??.??"]
[Round "1"]
[White "Spassov, Liuben"]
[Black "Georgiev, Krum"]
[Result "1/2-1/2"]
[WhiteElo "2460"]
[BlackElo "2440"]

1.d4 Nf6 2.c4 g6 3.Nc3 Bg7 4.e4 O-O 5.Nf3 d6 6.Be2 e5 7.O-O Nbd7 8.Be3 c6
9.d5 Ng4 10.Bg5 f6 11.Bd2 Qe7 12.b4 f5 13.Ng5 Ndf6 14.h3 Nh6 15.dxc6 bxc6
16.b5 Bb7 17.Qa4 cxb5 18.cxb5 Kh8 19.Rad1 Nhg8 20.Bd3 Nd7 21.exf5 gxf5 22.Bc4 Nc5
23.Qc2 h6 24.Nd5 Qe8 25.Nf3 Rc8 26.Bb4 e4 27.Nh2 Nd3 28.Rxd3 exd3 29.Qxd3 Qe4
30.Qxe4 fxe4 31.Bb3 Bd4 32.Ng4 Bxd5 33.Bxd5 h5 34.Ne3 Bxe3 35.fxe3 Rxf1+  1/2-1/2

[Event "Warsaw"]
[Site "Warsaw"]
[Date "1983.??.??"]
[Round "9"]
[White "Szymczak, Zbigniew"]
[Black "Sznapik, Aleksander"]
[Result "1-0"]
[WhiteElo "2460"]
[BlackElo "2460"]

1.d4 Nf6 2.c4 g6 3.Nc3 Bg7 4.e4 d6 5.Nf3 O-O 6.Be2 e5 7.Be3 c6 8.O-O exd4
9.Nxd4 Re8 10.f3 d5 11.cxd5 cxd5 12.Qb3 dxe4 13.Bc4 Rf8 14.Rad1 Qe7 15.Nxe4 Nbd7
16.Nxf6+ Qxf6 17.Rfe1 Nb6 18.Bf1 Bd7 19.Qa3 Rfe8 20.Bf2 Rxe1 21.Rxe1 Bf8
22.Qa5 Rc8 23.Nb3 Nc4 24.Qxa7 Qxb2 25.Qxb7 Bf5 26.Qd5 Qc3 27.g4 Bc2 28.Qd7 Nd6
29.Nd4 Rc7 30.Qd8 Ba4 31.Ne2 Qc6 32.Rc1 Qxc1 33.Nxc1 Rxc1 34.Bd4 Ne8 35.Be3 Rd1
36.Qa5 Bc6 37.Kf2 Bxf3 38.Qa4 Ra1 39.Qxe8  1-0

[Event "Warsaw"]
[Site "Warsaw"]
[Date "1983.??.??"]
[Round "10"]
[White "Schmidt, Wlodzimierz"]
[Black "Szymczak, Zbigniew"]
[Result "1/2-1/2"]
[WhiteElo "2450"]
[BlackElo "2460"]

1.d4 Nf6 2.c4 d6 3.Nc3 Nbd7 4.Nf3 e5 5.e4 g6 6.Be2 Bg7 7.O-O O-O 8.Be3 c6
9.Qc2 Ng4 10.Bg5 f6 11.Bh4 Nh6 12.dxe5 dxe5 13.b4 Nf7 14.Rfd1 Qe7 15.c5 Re8
16.Bc4 Nf8 17.Nd2 Ne6 18.Nb3 Bd7 19.f3 Rad8 20.Bf2 Bc8 21.Ne2 Bh6 22.Na5 Kg7
23.a3 Nf4 24.Nxf4 Bxf4 25.Bxf7 Qxf7 26.Nc4 Qe7 27.Nd6 Rf8 28.Rd3 Be6 29.Rad1 Rd7
30.Be3 Bxe3+ 31.Rxe3 Rfd8 32.Red3 Kg8 33.R1d2 b5 34.Qd1 Qg7 35.a4 a6 36.a5 Qh6
37.g3 Qg5 38.Kg2 Qh6 39.h4 Kf8 40.Kg1 Kg8 41.Qe1 Kf8 42.Rh2 Kg8 43.Kg2 Kf8
44.Rd2 Kg8 45.Kg1 Kf8 46.h5 g5 47.g4 Qg7 48.Rhe2 Qe7 49.Qd1 Kg7 50.Re3 Kf8
51.Red3  1/2-1/2

[Event "Yerevan op"]
[Site "Yerevan"]
[Date "1983.??.??"]
[Round "5"]
[White "Shkljaev"]
[Black "Shnaider, David"]
[Result "1/2-1/2"]
[WhiteElo "2200"]
[BlackElo "2200"]

1.Nf3 Nf6 2.c4 g6 3.Nc3 Bg7 4.e4 d6 5.d4 O-O 6.Be2 e5 7.dxe5 dxe5 8.Qxd8 Rxd8
9.Bg5 Re8 10.O-O-O h6 11.Be3 c6 12.Ne1 Be6 13.f3 Bf8 14.Nc2 Na6 15.b3 Kg7
16.Rd2 Nd7 17.Rhd1 Nb6 18.Kb2 Nc5 19.g3 a5 20.Ne1 Be7 21.Nd3 Nxd3+ 22.Bxd3 Nd7
23.Bc2 Nc5 24.Ne2 h5 25.Nc1 a4 26.Nd3 Nxd3+ 27.Rxd3 axb3 28.axb3 Red8 29.Bb6 Rxd3
30.Rxd3 Ra6 31.Bc7 f6 32.Bd6 Kf7 33.c5 Ra8 34.Rd1 Rd8 35.Bxe7 Kxe7 36.Kc3 Rxd1
37.Bxd1 g5 38.Kd3 h4 39.Ke3 hxg3 40.hxg3 Kd7 41.Kd3  1/2-1/2

[Event "Yerevan op"]
[Site "Yerevan"]
[Date "1983.??.??"]
[Round "6"]
[White "Polovets, Sergey"]
[Black "Nikitinyh, B."]
[Result "0-1"]
[WhiteElo "2200"]
[BlackElo "2200"]

1.d4 Nf6 2.c4 g6 3.Nc3 Bg7 4.e4 O-O 5.Be2 d6 6.Nf3 e5 7.O-O exd4 8.Nxd4 Nbd7
9.Bg5 h6 10.Bh4 Re8 11.f3 Nf8 12.Kh1 Ne6 13.Nxe6 Bxe6 14.Qc2 Rc8 15.Rad1 g5
16.Bf2 Nd7 17.Nb5 a6 18.Nd4 Qf6 19.Nxe6 fxe6 20.b4 Qc3 21.Qxc3 Bxc3 22.Rb1 Bg7
23.Rfd1 Re7 24.Bf1 Nb8 25.c5 Rd7 26.Bc4 Kf7 27.g3 b5 28.Bb3 Rcd8 29.cxd6 Rxd6
30.Rxd6 Rxd6 31.Bc5 Rd2 32.f4 gxf4 33.gxf4 Bd4 34.Rc1 Nc6 35.e5 Bxc5 36.Rxc5 Nd4
37.Rxc7+ Kg6 38.Rc3 Kf5 39.Rh3 Ne2 40.Rxh6 Nxf4 41.Kg1 Kxe5 42.h4 Kf5 43.Kf1 Rh2
44.h5 e5 45.Rxa6  0-1

[Event "BRA-ch 51th"]
[Site "Cabo Frio"]
[Date "1984.04.??"]
[Round "11"]
[White "Milos, Gilberto"]
[Black "Correa, Aron A"]
[Result "1-0"]
[WhiteElo "2380"]
[BlackElo "2220"]

1.Nf3 Nf6 2.c4 g6 3.Nc3 Bg7 4.e4 d6 5.d4 O-O 6.Be2 e5 7.Be3 Nc6 8.d5 Ne7
9.Nd2 Nd7 10.b4 f5 11.f3 f4 12.Bf2 Nf6 13.c5 g5 14.Nc4 Ne8 15.cxd6 cxd6 16.Nb5 Ng6
17.Nxa7 Bd7 18.Nb6 Nh4 19.Nxd7 Qxd7 20.Rg1 g4 21.Bxh4 Rxa7 22.Qb3 g3 23.hxg3 Bf6
24.Bxf6 Nxf6 25.gxf4 exf4 26.a4 b6 27.Bb5 Qg7 28.O-O-O Nd7 29.Kb1 Ne5 30.Rc1 Qg3
31.Qb2 Rg7 32.Qd4 Rb8 33.Ba6 Qh2 34.Bc8 Qh4 35.Rc2 Qh2 36.Rgc1 h5 37.Be6+ Kh7
38.Bf5+ Kh6 39.Rc6 Nf7 40.Qf6+  1-0

[Event "FRG-ch"]
[Site "Bad Neuenahr"]
[Date "1984.??.??"]
[Round "?"]
[White "Raupp, Thomas"]
[Black "Bastian, Herbert"]
[Result "1-0"]
[WhiteElo "2275"]
[BlackElo "2375"]

1.d4 Nf6 2.Nf3 g6 3.c4 Bg7 4.Nc3 O-O 5.e4 d6 6.Be2 e5 7.dxe5 dxe5 8.Qxd8 Rxd8
9.Bg5 Re8 10.Nd5 Nxd5 11.cxd5 c6 12.Bc4 cxd5 13.Bxd5 Na6 14.O-O-O Nc7 15.Bb3 a5
16.a3 a4 17.Ba2 Be6 18.Bxe6 Nxe6 19.Be3 Nd4 20.Bxd4 exd4 21.Rhe1 Rac8+ 22.Kb1 Rc4
23.e5 f5 24.h3 Rd8 25.Rd3 Rc5 26.Rc1 b6 27.Rcd1 Rcd5 28.Rxd4 Rxd4 29.Rxd4 Rxd4
30.Nxd4 Bxe5 31.Nb5 Kf7 32.Kc2 Ke6 33.Nc3 Bd4 34.f3 Ke5 35.Nxa4 Kf4 36.Kd3 Bg7
37.Nxb6 Bxb2 38.a4 Kg3 39.a5 Be5 40.Nd7  1-0

[Event "FRG-ch"]
[Site "Bad Neuenahr"]
[Date "1984.??.??"]
[Round "?"]
[White "Eng, Holger"]
[Black "Kunsztowicz, Uwe"]
[Result "1-0"]
[WhiteElo "2350"]
[BlackElo "2350"]

1.d4 Nf6 2.Nf3 g6 3.c4 Bg7 4.Nc3 O-O 5.e4 d6 6.Be2 c6 7.O-O e5 8.Be3 exd4
9.Nxd4 Re8 10.f3 d5 11.cxd5 cxd5 12.Qb3 dxe4 13.Bc4 Qe7 14.fxe4 Nc6 15.Nxc6 bxc6
16.e5 Qxe5 17.Bxf7+ Kh8 18.Bf4 Qc5+ 19.Kh1 Rd8 20.Qc4 Qxc4 21.Bxc4 Bf5 22.Rad1 Ng4
23.Rxd8+ Rxd8 24.Re1 Bd3 25.Bb3 Nf2+ 26.Kg1 Bd4 27.Be5+ Bxe5 28.Rxe5 Ng4
29.Re1 c5 30.h3 Nf6 31.Re6 Rf8 32.Re7 c4 33.Ba4 Nh5 34.Rxa7 Rf1+ 35.Kh2 Rf2
36.Rb7 g5 37.Bc6 Nf4 38.a4 Rc2 39.a5 Nxg2 40.a6 Nh4+ 41.Kg3 h5 42.Rf7 Nf5+
43.Rxf5  1-0

[Event "Bayamo"]
[Site "Bayamo"]
[Date "1984.??.??"]
[Round "?"]
[White "Ortega, Lexy"]
[Black "Zapata, Alonso"]
[Result "0-1"]
[WhiteElo "2360"]
[BlackElo "2470"]

1.Nf3 Nf6 2.c4 g6 3.d4 Bg7 4.Nc3 O-O 5.e4 d6 6.Be2 e5 7.Be3 Nc6 8.d5 Ne7
9.Nd2 Nd7 10.O-O f5 11.f3 f4 12.Bf2 g5 13.b4 Nf6 14.c5 Ng6 15.Qc2 g4 16.cxd6 g3
17.hxg3 fxg3 18.Bxg3 cxd6 19.Bf2 Nf4 20.g3 Nh3+ 21.Kg2 Nh5 22.Be3 N3f4+ 23.Kh2 Nxg3  0-1

[Event "Beersheba"]
[Site "Beersheba"]
[Date "1984.??.??"]
[Round "6"]
[White "Mestel, A Jonathan"]
[Black "Liberzon, Vladimir M"]
[Result "1/2-1/2"]
[WhiteElo "2540"]
[BlackElo "2455"]

1.Nf3 Nf6 2.c4 g6 3.Nc3 Bg7 4.e4 d6 5.d4 O-O 6.Be2 Nbd7 7.O-O e5 8.Be3 Ng4
9.Bg5 f6 10.Bd2 c6 11.h3 Nh6 12.Qc2 f5 13.Rad1 f4 14.dxe5 dxe5 15.Na4 Nf7
16.b4 Qe7 17.b5 g5 18.bxc6 bxc6 19.a3 Re8 20.Bb4 c5 21.Nxc5 a5 22.Nxd7 axb4
23.Nb6 Rxa3 24.c5 Rc3 25.Qa4 Rxc5 26.Nd5 Qe6 27.Rc1 Bd7 28.Qxb4 Rxc1 29.Rxc1 Qd6
30.Qxd6 Nxd6 31.Rc7 Rd8 32.Nxg5 h6 33.Ne7+ Kh8 34.Ng6+ Kg8 35.Nf3 Nxe4 36.Bc4+ Kh7
37.Ngxe5 Bf5 38.Nd3 Ng5 39.Nxf4 Nxf3+ 40.gxf3 Rc8 41.Rxc8 Bxc8 42.Kg2 Be5
43.Bd3+ Kg7 44.Nh5+ Kf7 45.f4 Bd6 46.Be4 Bc5 47.f5 Bd4 48.Kg3 Bd7 49.f3 Be8
50.Kg4 Be5 51.f4 Bd4 52.Bd5+ Ke7 53.Ng3 Kf6 54.Ne4+ Kg7 55.Nd6 Ba4 56.Kf3 Kf6  1/2-1/2

[Event "Berlin op"]
[Site "Berlin-West"]
[Date "1984.??.??"]
[Round "4"]
[White "Blees, Albert"]
[Black "Akesson, Ralf"]
[Result "1-0"]
[WhiteElo "2275"]
[BlackElo "2430"]

1.d4 Nf6 2.c4 g6 3.Nc3 Bg7 4.e4 d6 5.Be2 O-O 6.Nf3 Nbd7 7.O-O e5 8.Re1 c6
9.Bf1 a5 10.dxe5 dxe5 11.Na4 Qe7 12.Qc2 b6 13.Be3 Rb8 14.h3 Ba6 15.b3 Rfc8
16.Rac1 Bf8 17.Red1 Qe6 18.c5 Bxf1 19.Kxf1 b5 20.Nb2 Rb7 21.a4 bxa4 22.bxa4 Nxe4
23.Qxe4 Rxb2 24.Qd3 Rc7 25.Qa6 e4 26.Nd4 Qe5 27.Kg1 Nxc5 28.Qxa5 Ra2 29.Qb6 Nd3
30.Nxc6 Qd6 31.Ne7+ Qxe7 32.Rxc7 Qa3 33.Qf6 Qb3 34.Bd4  1-0

[Event "Bor"]
[Site "Bor"]
[Date "1984.??.??"]
[Round "?"]
[White "Todorovic, Goran M"]
[Black "Martinovic, Slobodan"]
[Result "0-1"]
[WhiteElo "2230"]
[BlackElo "2415"]

1.d4 Nf6 2.c4 g6 3.Nc3 Bg7 4.e4 d6 5.Nf3 O-O 6.Be2 Nbd7 7.O-O e5 8.Re1 c6
9.Bg5 h6 10.Bh4 a5 11.Qd2 exd4 12.Nxd4 Nxe4 13.Nxe4 Qxh4 14.Bf3 Ne5 15.Nxd6 Qxd4  0-1

[Event "BCF-ch"]
[Site "Brighton"]
[Date "1984.??.??"]
[Round "1"]
[White "Flear, Glenn C"]
[Black "Lane, Gary W"]
[Result "1/2-1/2"]
[WhiteElo "2455"]
[BlackElo "2310"]

1.d4 Nf6 2.c4 g6 3.Nc3 Bg7 4.e4 O-O 5.Nf3 d6 6.Be2 Nbd7 7.O-O e5 8.Re1 c6
9.Bf1 exd4 10.Nxd4 Ng4 11.h3 Qb6 12.hxg4 Bxd4 13.Be3 Bxe3 14.Rxe3 Ne5 15.Be2 f6
16.b3 Qc7 17.Rc1 Be6 18.f4 Nf7 19.Kh1 Rab8 20.Qg1 g5 21.f5 Bc8 22.Rh3 b6
23.b4  1/2-1/2

[Event "BCF-ch"]
[Site "Brighton"]
[Date "1984.??.??"]
[Round "3"]
[White "Ravikumar, Vaidyanathan"]
[Black "Hasan, Younus"]
[Result "1-0"]
[WhiteElo "2385"]
[BlackElo "2290"]

1.d4 Nf6 2.c4 d6 3.Nf3 g6 4.Nc3 Nbd7 5.e4 e5 6.Be2 Bg7 7.O-O O-O 8.Qc2 c6
9.Rd1 Qe7 10.Rb1 exd4 11.Nxd4 Nc5 12.f3 a5 13.b3 Nh5 14.a3 Qh4 15.Bf1 Ne6
16.Nde2 Nhf4 17.Be3 Nxe2+ 18.Nxe2 f5 19.exf5 Rxf5 20.Bf2 Qe7 21.Ng3 Rf8 22.Re1 Qc7
23.Rbd1 Nf4 24.Qd2 a4 25.b4 c5 26.Ne4 cxb4 27.Qxb4 Be5 28.Nxd6 Qg7  1-0

[Event "BCF-ch"]
[Site "Brighton"]
[Date "1984.??.??"]
[Round "5"]
[White "Mestel, A Jonathan"]
[Black "McNab, Colin Anderson"]
[Result "1-0"]
[WhiteElo "2545"]
[BlackElo "2370"]

1.d4 d6 2.c4 e5 3.Nf3 Nd7 4.Nc3 g6 5.e4 Bg7 6.Be2 Ngf6 7.O-O O-O 8.Be3 a5
9.Qc2 Ng4 10.Bg5 f6 11.Bh4 g5 12.Bg3 h5 13.h3 Nh6 14.Rad1 Kh8 15.Nb5 Nf7
16.c5 dxc5 17.dxc5 c6 18.Nd6 Nxd6 19.Rxd6 Qe7 20.Rfd1 Nb8 21.Nd2 h4 22.Bh2 b5
23.a4 Bd7 24.Nf1 Rc8 25.Ne3 Ra7 26.Nf5 Bxf5 27.exf5 b4 28.Bc4  1-0

[Event "BCF-ch"]
[Site "Brighton"]
[Date "1984.??.??"]
[Round "5"]
[White "Ravikumar, Vaidyanathan"]
[Black "Lane, Gary W"]
[Result "0-1"]
[WhiteElo "2385"]
[BlackElo "2310"]

1.Nf3 Nf6 2.d4 g6 3.c4 Bg7 4.Nc3 O-O 5.e4 d6 6.Be2 Nbd7 7.O-O e5 8.Qc2 Re8
9.d5 a5 10.Nd2 h6 11.Na4 b6 12.a3 Nc5 13.Nxc5 bxc5 14.a4 Bd7 15.Nb1 Nh7 16.Bd3 Rf8
17.Nc3 Qe7 18.Nb5 Bc8 19.Bd2 f5 20.f4 exf4 21.Bxf4 g5 22.Bd2 f4 23.e5 Bxe5
24.Rae1 Nf6 25.h3 Nh5 26.Bc3 Ng3 27.Rxe5 dxe5 28.Re1 Bf5 29.Rxe5 Qh7 30.Bxf5 Rxf5
31.Re6 Rf7 32.Qd1 f3 33.gxf3 Raf8 34.Kg2 Nh5 35.Re3 Nf4+ 36.Kg3 Qf5 37.Qf1 Nh5+
38.Kg2 Qf4 39.Qe2 Qf5 40.Be5 Nf4+ 41.Bxf4 gxf4 42.Re6 Rg7+ 43.Kh2 Rg3 44.Qf1 Rf7
45.Nc3 Qh5  0-1

[Event "BCF-ch"]
[Site "Brighton"]
[Date "1984.??.??"]
[Round "8"]
[White "Parameswaran, Tiruchi N"]
[Black "Carr, Neil L"]
[Result "0-1"]
[WhiteElo "2365"]
[BlackElo "2310"]

1.d4 g6 2.c4 Bg7 3.Nc3 d6 4.e4 Nf6 5.Be2 O-O 6.Nf3 e5 7.dxe5 dxe5 8.Qxd8 Rxd8
9.Nd5 Nxd5 10.cxd5 c6 11.Bc4 b5 12.Bb3 Bb7 13.Bg5 Rd7 14.Rc1 cxd5 15.Bxd5 Na6
16.Bxb7 Rxb7 17.Ke2 Rd7 18.Rhd1 Rxd1 19.Rxd1 Nc5 20.Rd5 Nxe4 21.Be3 a6 22.Nxe5 Re8
23.Nd3 Bxb2 24.Kf3 Bg7 25.Rd7 a5 26.Ra7 a4 27.Rb7 Nc3 28.Nc1 Rc8 29.Ne2 Nxa2
30.Rxb5 a3 31.Rb3 Ra8 32.Nd4 Nc3  0-1

[Event "BCF-ch"]
[Site "Brighton"]
[Date "1984.??.??"]
[Round "9"]
[White "Flear, Glenn C"]
[Black "Gallagher, Joseph G"]
[Result "1/2-1/2"]
[WhiteElo "2455"]
[BlackElo "2295"]

1.d4 Nf6 2.c4 g6 3.Nc3 Bg7 4.e4 d6 5.Be2 O-O 6.Nf3 e5 7.Be3 Ng4 8.Bg5 f6
9.Bh4 Nc6 10.d5 Ne7 11.Nd2 h5 12.h3 Nh6 13.Qc2 c6 14.f3 f5 15.dxc6 bxc6 16.c5 Bf6
17.Bxf6 Rxf6 18.cxd6 Rxd6 19.O-O-O Nf7 20.Bc4 Be6 21.Bxe6 Rxe6 22.Nc4 Qc7
23.Rd3 Rd8 24.Rhd1 Rxd3 25.Qxd3 fxe4 26.fxe4 Nc8 27.Na4 Ncd6 28.Nc5 Rf6 29.a4 Qe7
30.Kb1 Kg7 31.Na5 Nb5 32.axb5 Qxc5 33.Nxc6 Rd6 34.Qb3 Rxd1+ 35.Qxd1 Qxb5
36.Nxa7 Qa6 37.Qd7 Qf1+ 38.Ka2 Qxg2 39.Nc8 Qe2 40.Qc6 Qe3 41.h4  1/2-1/2

[Event "Alfoldi mem (Women)"]
[Site "Budapest"]
[Date "1984.??.??"]
[Round "?"]
[White "Kas Fromm, Rita"]
[Black "Szaday, Laszlone"]
[Result "1-0"]
[WhiteElo "2080"]
[BlackElo "2020"]

1.d4 Nf6 2.Nf3 g6 3.c4 Bg7 4.Nc3 d6 5.e4 O-O 6.Be2 e5 7.Be3 Nbd7 8.O-O a5
9.Qc2 Ng4 10.Bg5 f6 11.Bh4 c6 12.Rad1 Qe7 13.h3 Nh6 14.c5 Nf7 15.cxd6 Nxd6
16.dxe5 Nxe5 17.Nxe5 g5 18.Nc4 Nxe4 19.Qxe4 Qxe4 20.Nxe4 gxh4 21.Nb6  1-0

[Event "Alfoldi mem (Women)"]
[Site "Budapest"]
[Date "1984.??.??"]
[Round "?"]
[White "Levitina, Irina S"]
[Black "Voiska, Margarita"]
[Result "1-0"]
[WhiteElo "2245"]
[BlackElo "2115"]

1.Nf3 Nf6 2.c4 g6 3.Nc3 Bg7 4.e4 d6 5.d4 O-O 6.Be2 Nbd7 7.O-O e5 8.Re1 c6
9.Bf1 exd4 10.Nxd4 Nc5 11.Rb1 Re8 12.f3 d5 13.cxd5 cxd5 14.e5 Nfd7 15.f4 Nb6
16.Be3 Ne6 17.Ncb5 Nxd4 18.Bxd4 Be6 19.Rc1 Nc4 20.b3 a6 21.Bxc4 dxc4 22.Nd6 cxb3
23.Nxe8 Qxe8 24.axb3 Qb5 25.Re3 Rd8 26.Rd3 Bg4 27.Qf1 Bf5 28.Rdd1 Qxb3 29.Bc5 Rc8
30.Qf2 h5 31.Qe3 Qb5 32.Bb6 Rxc1 33.Rxc1 Bh6 34.Bd4 Qd5 35.h3 Bd7 36.Rc5 Qe6
37.Rc7 Bc6 38.Qf2 Qf5 39.Be3 Qb1+ 40.Kh2 Qf5 41.Qd2 Kh7 42.Qd4 a5 43.Bd2 Bg7
44.Qc4 Kg8 45.Bxa5 g5 46.Bc3 Qxf4+ 47.Qxf4 gxf4 48.e6 f6 49.Rc8+  1-0

[Event "Casilda"]
[Site "Casilda"]
[Date "1984.??.??"]
[Round "5"]
[White "Barbero, Gerardo F"]
[Black "Valiente, Cristobal"]
[Result "1/2-1/2"]
[WhiteElo "2305"]
[BlackElo "2305"]

1.d4 Nf6 2.Nf3 g6 3.c4 Bg7 4.Nc3 O-O 5.e4 d6 6.Be2 e5 7.O-O Nbd7 8.Re1 c6
9.Bf1 Re8 10.Rb1 a5 11.d5 c5 12.g3 Rf8 13.a3 Ne8 14.Bd2 h6 15.Nh4 Kh7 16.Bd3 Ndf6
17.b4 axb4 18.axb4 b6 19.bxc5 bxc5 20.Nb5 Ng8 21.Qc2 Ne7 22.Ra1 Bd7 23.Rxa8 Qxa8
24.Bc3 Nc8 25.Ra1 Qb7 26.Rb1 Qa6 27.f3 Bf6 28.Ng2 Bh3 29.Qb2 Bd8 30.Qa1 Qxa1
31.Rxa1 Nc7 32.Na7 Nxa7 33.Rxa7 Bxg2 34.Kxg2 Re8 35.f4 f6 36.Rb7 Kg8 37.fxe5 fxe5
38.Bd2 g5 39.Be2 Na6 40.Ra7 Nc7 41.Bh5 Re7 42.Kh3 Kg7 43.Ba5 Kf8 44.Bb6 Ne8
45.Rxe7 Bxe7 46.Bxe8 Kxe8 47.Kg4 Kf7 48.Kf5 Bf6 49.Bc7 Be7 50.g4  1/2-1/2

[Event "Casilda"]
[Site "Casilda"]
[Date "1984.??.??"]
[Round "7"]
[White "Panno, Oscar"]
[Black "Pandolfi"]
[Result "1-0"]
[WhiteElo "2515"]
[BlackElo "2200"]

1.d4 Nf6 2.c4 g6 3.Nc3 Bg7 4.e4 d6 5.Nf3 O-O 6.Be3 e5 7.Be2 Nbd7 8.O-O a5
9.Qc2 Ng4 10.Bg5 f6 11.Bh4 h5 12.h3 Nh6 13.dxe5 dxe5 14.Rfd1 Nf7 15.c5 c6
16.Na4 Qc7 17.Bc4 b5 18.cxb6 Nxb6 19.Bxf7+ Rxf7 20.Nxe5 fxe5 21.Bd8 Qb7 22.Nxb6 Ra6
23.Nxc8 Qxc8 24.Qc4 Qb7 25.b3 Qa7 26.Kh1 Kh7 27.f3 Bf6 28.Bxf6 Rxf6 29.Rd8 Rf7
30.Rad1 Qb7 31.R8d6 Rg7 32.Re6 Rd7 33.Rxd7+ Qxd7 34.Qxa6 Qxe6 35.Qxa5 Qd6
36.Qc3 h4 37.a4 Qd1+ 38.Kh2 Qf1 39.b4 Qf2 40.Qxe5  1-0

[Event "Midwest Masters-B"]
[Site "Chicago"]
[Date "1984.??.??"]
[Round "1"]
[White "Tomas Batet, Joan"]
[Black "Brooks, Michael A"]
[Result "0-1"]
[WhiteElo "2265"]
[BlackElo "2490"]

1.c4 Nf6 2.Nf3 g6 3.Nc3 Bg7 4.d4 d6 5.e4 O-O 6.Be2 Nbd7 7.O-O e5 8.d5 Nc5
9.Qc2 a5 10.Bg5 h6 11.Be3 Nfd7 12.Nd2 f5 13.exf5 gxf5 14.f4 exf4 15.Bxf4 Ne5
16.Nf3 Ng6 17.Be3 Bd7 18.Rae1 Qf6 19.Bd4 Qf7 20.Qd2 Rae8 21.Bd1 Bxd4+ 22.Nxd4 Rxe1
23.Rxe1 Qg7 24.Nf3 Re8 25.Rxe8+ Bxe8 26.Bc2 Bd7 27.Qf2 Ne5 28.Nxe5 Qxe5 29.Qd2 Kg7
30.g3 c6 31.Kf2 cxd5 32.Qxd5 Kf6 33.Qd2 Kg6 34.Qf4 Be6 35.Qxe5 dxe5 36.g4 Kg5
37.gxf5 Bxc4 38.Ke3 Bg8 39.Ne4+ Nxe4 40.Bxe4 b6 41.a3 Bh7 42.f6 Bg8 43.Bc6 Kxf6
44.Kf3 Bb3 45.Bb7 Ke6 46.Ke4 Kd6 47.Kd3 Bd5 48.Bc8 Ke7 49.Ke3 Kf6 50.h4 Be6
51.Bb7 Kf5 52.Bf3 Bb3 53.Be2 Ke6 54.Bf3 Kd6 55.Kd3 Bd5 56.Bh5 Kc5 57.Kc3 Bc6
58.Be2 e4 59.Bc4 a4  0-1

[Event "Midwest Masters-B"]
[Site "Chicago"]
[Date "1984.??.??"]
[Round "3"]
[White "Sandrin, A."]
[Black "Weiss, Mitchel"]
[Result "0-1"]
[WhiteElo "2195"]
[BlackElo "2305"]

1.Nf3 Nf6 2.c4 g6 3.Nc3 Bg7 4.e4 d6 5.d4 O-O 6.Be2 e5 7.Be3 Nc6 8.d5 Ne7
9.Nd2 Nd7 10.b4 f5 11.f3 a5 12.a3 Nf6 13.Nb3 axb4 14.axb4 Rxa1 15.Qxa1 fxe4
16.fxe4 Ng4 17.Bxg4 Bxg4 18.h3 Bd7 19.Rf1 c6 20.Kd2 cxd5 21.cxd5 Nc8 22.Qa5 b6
23.Qa6 Qh4 24.Rxf8+ Bxf8 25.Qb7 Qd8 26.Kd3 h5 27.Nd2 Qe7 28.Nc4 h4 29.Ne2 Qf7
30.Kd2 b5 31.Na3 Qe8 32.Nc3 g5 33.Naxb5 g4 34.hxg4 Bxg4 35.Qc6 Bd7 36.Qb7 Bg4
37.Na3 Qg6 38.Nc2 Ne7 39.Ne1 Bf3 40.Qd7 Bxg2 41.Qe6+ Qxe6 42.dxe6 h3 43.Bg1 Bf1
44.Ne2 Bh6+ 45.Kd1 Kf8 46.Nd3 Bg2 47.Nf2 Bg5 48.Ng3 Bf4 49.Nfh1 h2 50.Bb6 Bxg3
51.Nxg3 h1=Q+ 52.Nxh1 Bxh1 53.Bc7 Nc8  0-1

[Event "CUB-ch"]
[Site "CUB"]
[Date "1984.??.??"]
[Round "9"]
[White "Estevez, Guillermo"]
[Black "Pinal, Nelson Borges"]
[Result "1/2-1/2"]
[WhiteElo "2430"]
[BlackElo "2405"]

1.d4 Nf6 2.c4 g6 3.Nc3 Bg7 4.e4 d6 5.Nf3 O-O 6.Be2 Nbd7 7.O-O e5 8.Re1 exd4
9.Nxd4 Nc5 10.Bf1 c6 11.h3 Re8  1/2-1/2

[Event "DDR-ch 33th"]
[Site "Eilenburg"]
[Date "1984.??.??"]
[Round "4"]
[White "Hesse, Peter"]
[Black "Knaak, Rainer"]
[Result "1/2-1/2"]
[WhiteElo "2345"]
[BlackElo "2490"]

1.d4 Nf6 2.Nf3 g6 3.c4 d6 4.Nc3 Nbd7 5.e4 e5 6.Be2 Bg7 7.O-O O-O 8.Re1 c6
9.Bf1 exd4 10.Nxd4 Ng4 11.Qxg4 Bxd4 12.Be3 Nc5 13.Qd1 Be5 14.Qd2 Re8 15.Rad1 Qa5
16.f3 Be6 17.Bd4 Rad8 18.f4 Bg4 19.fxe5 Bxd1 20.e6 Nxe6 21.Rxd1 Nxd4 22.Qxd4 a6
23.Be2 Qe5 24.Bf3 Qxd4+ 25.Rxd4 Kg7 26.Kf2 Kf6 27.Rd2 Ke7 28.Ke3 f6 29.a4 a5
30.Ne2 Kd7 31.Kd4 Kc7 32.Nf4 Re7 33.Ne2 Rde8 34.Nc3 Re5 35.Rf2 f5 36.Re2 fxe4
37.Rxe4 Rxe4+ 38.Nxe4 Re7 39.h4 Rf7 40.Ke3 h6 41.Nf2 Re7+ 42.Kd2 Rf7 43.Nd3 Kd7
44.Be4 g5 45.hxg5 hxg5 46.g4 Rf1 47.Bf5+ Ke7 48.b3 Rg1 49.Nc1 Rg3 50.Kc2 Rg2+
51.Kc3 Rg3+ 52.Nd3 b6 53.Kd2 d5  1/2-1/2

[Event "DDR-ch 33th"]
[Site "Eilenburg"]
[Date "1984.??.??"]
[Round "8"]
[White "Hesse, Peter"]
[Black "Rossmann, Helmut"]
[Result "1/2-1/2"]
[WhiteElo "2345"]
[BlackElo "2355"]

1.d4 Nf6 2.Nf3 g6 3.c4 Bg7 4.Nc3 d6 5.e4 O-O 6.Be2 e5 7.dxe5 dxe5 8.Qxd8 Rxd8
9.Bg5 Re8 10.O-O-O Na6 11.Ne1 c6 12.f3 Nc5 13.Nc2 a5 14.b3 Nfd7 15.Kb2 Nb6
16.Rd2 Be6 17.Be3 Bf8  1/2-1/2